| 000 | 01092nam a2200313 i 4500 | ||
|---|---|---|---|
| 001 | 000027037 | ||
| 003 | DO-SdBNP | ||
| 005 | 20250711103203.0 | ||
| 007 | ta | ||
| 008 | 110329s1948 dr 000 0 spa d | ||
| 040 |
_aDO-SdBNP _bspa _cBNPHU _erda |
||
| 082 |
_a923.27293 _bS211zL _222 |
||
| 100 | 1 |
_aLugo Lovatón, Ramón _eautor _954077 |
|
| 245 | 1 | 0 |
_aSánchez / _cRamón Lugo Lovatón. |
| 264 |
_aCiudad Trujillo, República Dominicana : _bMontalvo, _c1948. |
||
| 300 |
_avolumen ; _c24 cm. |
||
| 336 |
_ardacontent _btexto _2txt |
||
| 337 |
_ardamedia _bsin mediación _2n |
||
| 338 |
_ardacarrier _bvolumen _2nc |
||
| 490 | 0 |
_aBiblioteca dominicana _v2 |
|
| 500 | _aIncluye índice | ||
| 500 | _aIncluye referencias bibliográficas y notas al pie de las páginas | ||
| 500 | _aLa biblioteca posee el v.2 | ||
| 600 | 0 |
_aSánchez, Francisco del Rosario, _d1817-1861 _97226 |
|
| 650 | 4 |
_aEstadístas _zRepública Dominicana _xBiografías _954131 |
|
| 651 | 0 |
_aRepública Dominicana -- _xHistoria -- _y1844-1930 _91009 |
|
| 910 | _aValidado. Control de calidad MFF | ||
| 942 |
_2ddc _cLBS1 |
||
| 999 |
_c26529 _d26529 |
||